| 000 | 00582nam a22001937a 4500 | ||
|---|---|---|---|
| 005 | 20251108175134.0 | ||
| 008 | 250721s2011 xx 000 0 ara d | ||
| 082 | 1 | 4 | _aط/ق/ذيا |
| 100 | 1 | _aذياب، أمل | |
| 245 | 1 | 0 | _aليث يقول آسف / |
| 264 | 1 |
_aعمان : _bمؤسسة همسة للتصميم، _c2011. |
|
| 300 | _a11 ص:مص. | ||
| 650 | 1 | 7 | _aالقصص العربية |
| 650 | 1 | 7 | _aقصص الأطفال |
| 650 | 1 | 7 | _aالأدب العربي |
| 653 | _aأطفال مرحلة متوسطة ( 6 - 9 سنوات) | ||
| 942 |
_2ddc _cBK |
||
| 999 |
_c127107 _d127107 |
||